A legal trap for contractors? (Record no. 74827)
[ view plain ]
| 000 -LEADER | |
|---|---|
| fixed length control field | 01312cab a2200217 4500 |
| 001 - CONTROL NUMBER | |
| control field | ABS68724 |
| 008 - FIXED-LENGTH DATA ELEMENTS--GENERAL INFORMATION | |
| fixed length control field | 050221n2005 000 0 eng u |
| 035 ## - SYSTEM CONTROL NUMBER | |
| System control number | (Sirsi) u128859 |
| 100 ## - MAIN ENTRY--PERSONAL NAME | |
| Personal name | D'Arcy, J. |
| 245 #2 - TITLE STATEMENT | |
| Title | A legal trap for contractors? |
| 260 ## - PUBLICATION, DISTRIBUTION, ETC. | |
| Date of publication, distribution, etc. | 2005 |
| 490 ## - SERIES STATEMENT | |
| Series statement | Contract Journal |
| Volume/sequential designation | 426(6507) 12 January 2005, 18-19(2) |
| 520 ## - SUMMARY, ETC. | |
| Summary, etc. | Discusses the effect of the Employment Act 2002 (Dispute Resolution) Regulations 2004. The Regulations provide a uniform and written code for dealing with all disciplinary procedures by the employer. This should be easy to implement for larger firms which will have enough resources to comply with the new rules. However smaller firms which make up a significant amount of the construction sector may find that the additional administrative burden is too much for them to cope with. Also firms in the construction sector will be affected by ambiguity over the application of the new rules as they only apply to employees but not to other workers who supply services to employers such as subcontractors. |
| 590 ## - LOCAL NOTE (RLIN) | |
| Local note | ABS |
| 650 ## - SUBJECT ADDED ENTRY--TOPICAL TERM | |
| Topical term or geographic name entry element | EMPLOYMENT ACT 2002 (DISPUTE RESOLUTION) REGULATIONS 2004 |
| 650 ## - SUBJECT ADDED ENTRY--TOPICAL TERM | |
| Topical term or geographic name entry element | DISCIPLINARY PROCEDURES |
| 650 ## - SUBJECT ADDED ENTRY--TOPICAL TERM | |
| Topical term or geographic name entry element | CONSTRUCTION INDUSTRY |
| 650 ## - SUBJECT ADDED ENTRY--TOPICAL TERM | |
| Topical term or geographic name entry element | BUILDING CONTRACTORS |
| 690 ## - LOCAL SUBJECT ADDED ENTRY--TOPICAL TERM (OCLC, RLIN) | |
| Topical term or geographic name as entry element | Dispute resolution |
| 9 (RLIN) | 6236 |
| 942 ## - ADDED ENTRY ELEMENTS (KOHA) | |
| Suppress in OPAC | 0 |
| Withdrawn status | Lost status | Source of classification or shelving scheme | Damaged status | Not for loan | Home library | Current library | Shelving location | Date acquired | Total Checkouts | Full call number | Barcode | Date last seen | Copy number | Price effective from | Koha item type |
|---|---|---|---|---|---|---|---|---|---|---|---|---|---|---|---|
| Dewey Decimal Classification | London | London | Journal article | 08/03/2005 | ABS68724 | 128859-1001 | 06/08/2019 | 1 | 06/08/2019 | Journal article |